[Event "POL-chT"]
[Site "Poland"]
[Date "2015.05.10"]
[Round "3.3"]
[White "Kika, Dorota"]
[Black "Chlost, Marlena"]
[Result "1-0"]
[WhiteElo "2202"]
[BlackElo "2146"]
[PlyCount "61"]
[EventDate "2015.05.08"]
[EventType "team-tourn"]
[EventRounds "9"]
[EventCountry "POL"]
[SourceTitle "CBM 166 Extra"]
[Source "ChessBase"]
[SourceDate "2015.06.18"]
[SourceVersion "1"]
[SourceVersionDate "2015.06.18"]
[SourceQuality "1"]
[WhiteTeam "Grudziadz Rotmistrz"]
[BlackTeam "Gliwice Akademia Szachowa"]
[WhiteTeamCountry "POL"]
[BlackTeamCountry "POL"]

1. e4 c5 2. Nf3 d6 3. d4 cxd4 4. Nxd4 Nf6 5. Nc3 a6 6. Be2 e6 7. 0-0 Be7 8. Be3 0-0 9. a4 b6 10. f4 Bb7 11. Bd3 Nbd7 12. Qf3 Nc5 13. Rae1 Qd7 14. g4 d5 15. e5 Nfe4 16. g5 f6 17. gxf6 gxf6 18. Bxe4 dxe4 19. Qh3 f5 20. b4 Nxa4 21. Nxa4 Qxa4 22. Nxe6 Rf7 23. Re2 Bxb4 24. Rg2+ Kh8 25. Ng5 Rg7 26. e6 Bc5 27. Nf7+ Kg8 28. Rxg7+ Kxg7 29. Qh6+ Kg8 30. Ng5 Bxe3+ 31. Kh1 1-0

[Event "POL-chT"]
[Site "Poland"]
[Date "2015.05.09"]
[Round "2.3"]
[White "Chlost, Marlena"]
[Black "Zawadzka, Jolanta"]
[Result "1/2-1/2"]
[WhiteElo "2146"]
[BlackElo "2434"]
[PlyCount "131"]
[EventDate "2015.05.08"]
[EventType "team-tourn"]
[EventRounds "9"]
[EventCountry "POL"]
[SourceTitle "CBM 166 Extra"]
[Source "ChessBase"]
[SourceDate "2015.06.18"]
[SourceVersion "1"]
[SourceVersionDate "2015.06.18"]
[SourceQuality "1"]
[WhiteTeam "Gliwice Akademia Szachowa"]
[BlackTeam "Wroclaw Polonia"]
[WhiteTeamCountry "POL"]
[BlackTeamCountry "POL"]

1. e4 e5 2. Nf3 Nc6 3. Bb5 a6 4. Ba4 Nf6 5. 0-0 b5 6. Bb3 Bb7 7. d3 Be7 8. Nc3 0-0 9. Nd5 Na5 10. Nxe7+ Qxe7 11. Re1 c5 12. Bg5 Nxb3 13. axb3 h6 14. Bd2 Nh7 15. b4 f5 16. bxc5 Qxc5 17. Ra3 Rae8 18. Rb3 Qe7 19. d4 fxe4 20. Nxe5 Rf6 21. Rg3 Qd6 22. Qg4 Re7 23. Ng6 Ref7 24. Bxh6 Qxd4 25. Be3 Qd6 26. Rd1 Qe6 27. Qh5 Rf5 28. Qh4 R7f6 29. Nf4 Qf7 30. Nh3 Bc6 31. Ra1 Bd5 32. Bd4 Rg6 33. Raa3 Nf8 34. Rxg6 Nxg6 35. Ng5 Qe7 36. Qh7+ Kf8 37. Qxg6 Rxg5 38. Qb6 Bc6 39. Qb8+ Kf7 40. Be3 Rf5 41. Rxa6 Qb4 42. Ra1 Qxb2 43. Rc1 b4 44. Qb6 Rd5 45. h4 Qc3 46. Qc7 Qc4 47. Qf4+ Kg8 48. g4 Qe2 49. Kg2 Ra5 50. h5 Ra8 51. h6 Qf3+ 52. Qxf3 exf3+ 53. Kg3 gxh6 54. Bxh6 Ra2 55. Rb1 Rxc2 56. Rxb4 Kh7 57. Be3 Kg6 58. Rd4 Ra2 59. Kf4 Kf7 60. Kg5 Ra5+ 61. Kh6 Ra4 62. g5 Rxd4 63. g6+ Kg8 64. Bxd4 Be4 65. Kg5 Bc6 66. Kf6 1/2-1/2

[Event "POL-chT"]
[Site "Poland"]
[Date "2015.05.08"]
[Round "1.4"]
[White "Zawadzka, Beata"]
[Black "Chlost, Marlena"]
[Result "1/2-1/2"]
[WhiteElo "2325"]
[BlackElo "2146"]
[PlyCount "56"]
[EventDate "2015.05.08"]
[EventType "team-tourn"]
[EventRounds "9"]
[EventCountry "POL"]
[SourceTitle "CBM 166 Extra"]
[Source "ChessBase"]
[SourceDate "2015.06.18"]
[SourceVersion "1"]
[SourceVersionDate "2015.06.18"]
[SourceQuality "1"]
[WhiteTeam "Gorzow Wielkopolski Stilon"]
[BlackTeam "Gliwice Akademia Szachowa"]
[WhiteTeamCountry "POL"]
[BlackTeamCountry "POL"]

1. Nf3 d5 2. d4 e6 3. e3 Nf6 4. b3 Bb4+ 5. c3 Be7 6. Bd3 c5 7. Ne5 Nc6 8. f4 Qa5 9. 0-0 Bd7 10. Qf3 cxd4 11. exd4 0-0 12. Qh3 Rad8 13. Nd2 Bc8 14. Bb2 g6 15. Ndf3 Nh5 16. Nxc6 bxc6 17. Ne5 Qc7 18. g4 Nf6 19. Rae1 c5 20. Re3 Kg7 21. Bb1 Bb7 22. g5 Nh5 23. Ref3 f6 24. gxf6+ Rxf6 25. Ng4 Rf7 26. Ne5 Rf6 27. Ng4 Rf7 28. Ne5 Rf6 1/2-1/2

[Event "Krakow op-A 25th"]
[Site "Krakow"]
[Date "2015.01.03"]
[Round "8"]
[White "Koziol, Kamil"]
[Black "Chlost, Marlena"]
[Result "1-0"]
[WhiteElo "1987"]
[BlackElo "2197"]
[PlyCount "63"]
[EventDate "2014.12.27"]
[EventType "swiss"]
[EventRounds "9"]
[EventCountry "POL"]
[SourceTitle "CBM 164 Extra"]
[Source "ChessBase"]
[SourceDate "2015.03.02"]
[SourceVersion "1"]
[SourceVersionDate "2015.03.02"]
[SourceQuality "1"]

1. d4 d5 2. c4 c6 3. Nf3 Nf6 4. Nc3 dxc4 5. a4 e6 6. e3 Bb4 7. Bxc4 0-0 8. 0-0 Qe7 9. Qc2 c5 10. Na2 Nc6 11. Nxb4 Nxb4 12. Qe2 b6 13. b3 Bb7 14. Bb2 Ne4 15. Rfd1 Rfd8 16. dxc5 Nxc5 17. Ba3 a5 18. Rxd8+ Rxd8 19. Rd1 Ne4 20. Qe1 Rc8 21. Ne5 Qc7 22. Bxb4 Qxe5 23. Ba3 Ng5 24. Qd2 Nf3+ 25. gxf3 Qg5+ 26. Kf1 Bxf3 27. Qd7 Ra8 28. Rd4 h5 29. Rf4 Qg2+ 30. Ke1 f6 31. Bxe6+ Kh8 32. Rxf3 1-0

[Event "Krakow op-A 25th"]
[Site "Krakow"]
[Date "2014.12.31"]
[Round "6"]
[White "Paszewski, Mateusz"]
[Black "Chlost, Marlena"]
[Result "1/2-1/2"]
[WhiteElo "2191"]
[BlackElo "2197"]
[PlyCount "93"]
[EventDate "2014.12.27"]
[EventType "swiss"]
[EventRounds "9"]
[EventCountry "POL"]
[SourceTitle "CBM 164 Extra"]
[Source "ChessBase"]
[SourceDate "2015.03.02"]
[SourceVersion "1"]
[SourceVersionDate "2015.03.02"]
[SourceQuality "1"]

1. Nf3 Nf6 2. c4 g6 3. g3 Bg7 4. Bg2 0-0 5. 0-0 c6 6. d3 d5 7. Qc2 b5 8. b3 Bb7 9. Bb2 Nbd7 10. Nbd2 bxc4 11. bxc4 a5 12. Rab1 Ra7 13. cxd5 Nxd5 14. Bxg7 Kxg7 15. Rxb7 Rxb7 16. Qxc6 Rb2 17. Qxd5 Nf6 18. Qc4 Qd5 19. a3 Qd6 20. Qc3 Rfb8 21. Nc4 Qc7 22. Qxa5 Qxa5 23. Nxa5 Rxe2 24. Nc4 Ra2 25. Nd4 Re8 26. Nc6 Rc2 27. a4 e6 28. a5 Ra2 29. Nd6 Rf8 30. Rb1 Ng4 31. h3 Nxf2 32. a6 Nxd3 33. a7 h5 34. Nb5 h4 35. Nb4 Nxb4 36. Rxb4 hxg3 37. Rb1 Rc8 38. a8Q Rcxa8 39. Bxa8 Rxa8 40. Kg2 Rb8 41. Kxg3 Kf6 42. Nc3 Rxb1 43. Nxb1 Kg5 44. Nd2 f5 45. Nf3+ Kh5 46. h4 e5 47. Nxe5 1/2-1/2

[Event "POL-UKR U26"]
[Site "Katowice"]
[Date "2014.10.09"]
[Round "4.5"]
[White "Chlost, Marlena"]
[Black "Babiy, Olga"]
[Result "1-0"]
[WhiteElo "2188"]
[BlackElo "2259"]
[PlyCount "145"]
[EventDate "2014.10.08"]
[EventType "team-match"]
[EventRounds "4"]
[EventCountry "POL"]
[SourceTitle "EXT 2015"]
[Source "ChessBase"]
[SourceDate "2014.11.20"]
[SourceVersion "1"]
[SourceVersionDate "2014.11.20"]
[SourceQuality "1"]
[WhiteTeam "Warsaw Univ"]
[BlackTeam "Ternopol Economic Univ"]
[WhiteTeamCountry "POL"]
[BlackTeamCountry "UKR"]

1. e4 c5 2. Nf3 e6 3. d4 cxd4 4. Nxd4 a6 5. Bd3 Qc7 6. 0-0 Nc6 7. Nxc6 dxc6 8. c4 e5 9. Be3 Nf6 10. h3 Be6 11. c5 Be7 12. Nd2 a5 13. Qc2 Nd7 14. Rfd1 0-0 15. b3 Rfd8 16. Bf1 Qb8 17. a3 Qa7 18. Rac1 Qb8 19. Qc3 h6 20. b4 axb4 21. axb4 b5 22. cxb6 Nxb6 23. Qxc6 Na4 24. Ba6 Nb2 25. Rf1 Qxb4 26. Rb1 Rab8 27. Qc1 Bg5 28. Bxg5 hxg5 29. Nf3 f6 30. Qe3 Qa4 31. Ra1 Qb3 32. Ra3 Qxe3 33. Rxe3 Rb4 34. Rb1 Ba2 35. Ra1 Bf7 36. Ne1 Rbd4 37. Nc2 Rd2 38. Nb4 Nd1 39. Re2 Rxe2 40. Bxe2 Nc3 41. Bf3 Bg6 42. Nd5 Nxd5 43. exd5 Kf8 44. Ra5 Bd3 45. Bg4 f5 46. Bh5 Ke7 47. Rc5 Kd6 48. Rc3 e4 49. Bf7 Ke5 50. Rc6 f4 51. Re6+ Kd4 52. Rg6 e3 53. fxe3+ fxe3 54. Rxg5 Rd6 55. Be6 g6 56. Rg4+ Kc3 57. Ra4 Bc4 58. g4 Kd2 59. Rxc4 e2 60. Re4 e1Q+ 61. Rxe1 Kxe1 62. Kg2 Rd8 63. Kg3 Ke2 64. Kf4 Kf2 65. Kg5 Kg3 66. Kxg6 Kxh3 67. g5+ Kh4 68. Kf6 Rf8+ 69. Bf7 Ra8 70. g6 Ra6+ 71. Be6 Ra1 72. g7 Rf1+ 73. Ke7 1-0

[Event "POL-chT 70th"]
[Site "Gorzow Wielkopolski"]
[Date "2014.10.04"]
[Round "8.1"]
[White "Wisniowska, Klaudia"]
[Black "Chlost, Marlena"]
[Result "1/2-1/2"]
[WhiteElo "2192"]
[BlackElo "2126"]
[PlyCount "89"]
[EventDate "2014.05.16"]
[EventType "team-tourn"]
[EventRounds "9"]
[EventCountry "POL"]
[SourceTitle "EXT 2015"]
[Source "ChessBase"]
[SourceDate "2014.11.20"]
[SourceVersion "1"]
[SourceVersionDate "2014.11.20"]
[SourceQuality "1"]
[WhiteTeam "Gorzow Wielkopolski Stilon"]
[BlackTeam "Gliwice Akademia Szachowa"]
[WhiteTeamCountry "POL"]
[BlackTeamCountry "POL"]

1. e4 e5 2. Nf3 Nc6 3. Bb5 a6 4. Ba4 Nf6 5. 0-0 Be7 6. Re1 b5 7. Bb3 0-0 8. h3 Bb7 9. d3 d5 10. exd5 Nxd5 11. Nxe5 Nxe5 12. Rxe5 Qd6 13. Re1 Rae8 14. Nd2 c5 15. Ne4 Qc6 16. c4 Nc7 17. Bf4 Kh8 18. Bxc7 Qxc7 19. Nc3 Bf6 20. cxb5 axb5 21. Qg4 b4 22. Nd5 Bxd5 23. Bxd5 Bxb2 24. Rxe8 Rxe8 25. Rf1 Kg8 26. Qf3 g6 27. g3 Kg7 28. Kg2 Re7 29. Bc4 Bd4 30. Bd5 Re5 31. Bc4 Qe7 32. Bb3 Bc3 33. Bc4 Qd7 34. Bb3 Qe7 35. Bc4 Qc7 36. Bb3 Re8 37. Bc4 Bf6 38. Bb5 Re5 39. Bc4 Qe7 40. Rd1 Re2 41. Kf1 Rb2 42. Re1 Qd7 43. Kg2 Bd4 44. Re2 Rxe2 45. Qxe2 1/2-1/2

[Event "POL-chT1"]
[Site "Poronin"]
[Date "2014.08.31"]
[Round "1.2"]
[White "Chlost, Marlena"]
[Black "Pacuszka, Wioletta"]
[Result "1-0"]
[WhiteElo "2170"]
[BlackElo "1988"]
[PlyCount "47"]
[EventDate "2014.08.31"]
[EventType "team-tourn"]
[EventRounds "9"]
[EventCountry "POL"]
[SourceTitle "CBM 162 Extra"]
[Source "ChessBase"]
[SourceDate "2014.10.17"]
[SourceVersion "1"]
[SourceVersionDate "2014.10.17"]
[SourceQuality "1"]
[WhiteTeam "Gliwice Akademia Szachowa II"]
[BlackTeam "Grudziadz Rotmistrz II"]
[WhiteTeamCountry "POL"]
[BlackTeamCountry "POL"]

1. e4 c5 2. Nf3 e6 3. d4 cxd4 4. Nxd4 a6 5. Nc3 b5 6. Bd3 Qb6 7. Nf3 Qc7 8. 0-0 Bb7 9. Re1 d6 10. a4 b4 11. Na2 Nc6 12. Bd2 a5 13. c3 Qb6 14. Bb5 bxc3 15. Nxc3 Ba6 16. Be3 Qb7 17. Rc1 Nf6 18. Bxc6+ Qxc6 19. Nd5 Qb7 20. Nc7+ Kd7 21. Ne5+ Ke7 22. Nxa8 Qxa8 23. Rc7+ Ke8 24. Nxf7 1-0

[Event "Pardubice Czech op-A 25th"]
[Site "Pardubice"]
[Date "2014.07.26"]
[Round "9"]
[White "Chlost, Marlena"]
[Black "Kratochvil, Josef"]
[Result "1/2-1/2"]
[WhiteElo "2142"]
[BlackElo "2257"]
[PlyCount "64"]
[EventDate "2014.07.18"]
[EventType "swiss"]
[EventRounds "9"]
[EventCountry "CZE"]
[SourceTitle "CBM 161 Extra"]
[Source "ChessBase"]
[SourceDate "2014.08.29"]
[SourceVersion "1"]
[SourceVersionDate "2014.08.29"]
[SourceQuality "1"]

1. e4 c5 2. Nf3 e6 3. d4 cxd4 4. Nxd4 a6 5. Nc3 b5 6. Bd3 Bb7 7. 0-0 Qb6 8. Nf3 d6 9. Re1 Nd7 10. Be3 Qc7 11. a4 b4 12. Na2 Ngf6 13. Bf4 Nc5 14. e5 Nxd3 15. Qxd3 Nd5 16. Bg3 dxe5 17. Nxe5 Bd6 18. c4 bxc3 19. Nxc3 0-0 20. Ne4 Bxe5 21. Ng5 g6 22. Bxe5 Qe7 23. Ne4 Rad8 24. Qg3 f5 25. Nc3 Nxc3 26. Bxc3 f4 27. Qg4 Rf5 28. Qe2 f3 29. Qxe6+ Qxe6 30. Rxe6 fxg2 31. Re7 Rf7 32. Rae1 Rxe7 1/2-1/2

[Event "Pardubice Czech op-A 25th"]
[Site "Pardubice"]
[Date "2014.07.24"]
[Round "7"]
[White "Chlost, Marlena"]
[Black "Jedlicka, Ales"]
[Result "1-0"]
[WhiteElo "2142"]
[BlackElo "2259"]
[PlyCount "123"]
[EventDate "2014.07.18"]
[EventType "swiss"]
[EventRounds "9"]
[EventCountry "CZE"]
[SourceTitle "CBM 161 Extra"]
[Source "ChessBase"]
[SourceDate "2014.08.29"]
[SourceVersion "1"]
[SourceVersionDate "2014.08.29"]
[SourceQuality "1"]

1. e4 c5 2. Nf3 Nc6 3. d4 cxd4 4. Nxd4 e5 5. Nb5 d6 6. N1c3 a6 7. Na3 b5 8. Nd5 Nge7 9. c4 Nxd5 10. exd5 Nd4 11. Be3 Nf5 12. Bd2 g6 13. cxb5 Bg7 14. Bc4 0-0 15. 0-0 e4 16. Rb1 Qh4 17. Re1 Be5 18. g3 Qf6 19. Rxe4 Nd4 20. f4 Qf5 21. Re3 Bg7 22. bxa6 Qh3 23. Bf1 Qd7 24. Be1 Nf5 25. Re4 Bxa6 26. Bxa6 Rxa6 27. Qe2 Qb7 28. Qd3 Rfa8 29. Bf2 h5 30. Re2 Ra5 31. Rd2 Ne7 32. Qe4 Ra4 33. Nc4 Rxa2 34. Nxd6 Qd7 35. Nc4 R8a4 36. d6 Nf5 37. Qd5 Ra1 38. Rbd1 Rxd1+ 39. Rxd1 Rb4 40. Nb6 Qd8 41. Nc4 Qd7 42. Ra1 Bf6 43. Ne5 Bxe5 44. Qxe5 Rb8 45. Rd1 Nh4 46. Qe2 Re8 47. Qd3 Nf5 48. b4 h4 49. b5 Re6 50. Bc5 h3 51. g4 Ne3 52. f5 Qb7 53. Qe2 Nxf5 54. Qf2 Nxd6 55. Bxd6 Rf6 56. Qc2 Qxb5 57. Bg3 Qb6+ 58. Bf2 Qb7 59. Rd8+ Kh7 60. Bd4 Qe7 61. Qf2 Qxd8 62. Qxf6 1-0

[Event "Pardubice Czech op-A 25th"]
[Site "Pardubice"]
[Date "2014.07.21"]
[Round "4"]
[White "Chlost, Marlena"]
[Black "Kriebel, Tadeas"]
[Result "0-1"]
[WhiteElo "2142"]
[BlackElo "2398"]
[PlyCount "78"]
[EventDate "2014.07.18"]
[EventType "swiss"]
[EventRounds "9"]
[EventCountry "CZE"]
[SourceTitle "CBM 161 Extra"]
[Source "ChessBase"]
[SourceDate "2014.08.29"]
[SourceVersion "1"]
[SourceVersionDate "2014.08.29"]
[SourceQuality "1"]

1. e4 c5 2. Nf3 d6 3. d4 cxd4 4. Nxd4 Nf6 5. Nc3 a6 6. Be3 e5 7. Nb3 Be7 8. f3 Be6 9. Qd2 0-0 10. 0-0-0 a5 11. a4 Nc6 12. Kb1 Nb4 13. g4 Rc8 14. g5 Nh5 15. Rg1 f5 16. g6 f4 17. gxh7+ Kxh7 18. Bf2 Qe8 19. Bb5 Qf7 20. Nxa5 Bd8 21. Nxb7 Qxb7 22. Qxd6 Qe7 23. Rg5 Qxg5 24. Qxe6 Be7 25. Rd7 Bc5 26. Bxc5 Rxc5 27. Qb3 Qg1+ 28. Rd1 Rxc3 29. Rxg1 Rxb3 30. cxb3 Rd8 31. Kc1 Rc8+ 32. Bc4 Nc6 33. Kd1 Kh6 34. Bf7 g5 35. h4 Ng3 36. hxg5+ Kxg5 37. Be6 Rd8+ 38. Ke1 Nd4 39. Bg4 Nc2+ 0-1

[Event "Pardubice Czech op-A 25th"]
[Site "Pardubice"]
[Date "2014.07.18"]
[Round "1"]
[White "Chlost, Marlena"]
[Black "Sylvan, Jacob"]
[Result "0-1"]
[WhiteElo "2142"]
[BlackElo "2356"]
[PlyCount "58"]
[EventDate "2014.07.18"]
[EventType "swiss"]
[EventRounds "9"]
[EventCountry "CZE"]
[SourceTitle "CBM 161 Extra"]
[Source "ChessBase"]
[SourceDate "2014.08.29"]
[SourceVersion "1"]
[SourceVersionDate "2014.08.29"]
[SourceQuality "1"]

1. e4 g6 2. d4 Bg7 3. Nc3 d6 4. f4 a6 5. Nf3 b5 6. a3 Nd7 7. e5 Nh6 8. Bd3 0-0 9. Ne2 c5 10. c3 Bb7 11. 0-0 Nb6 12. Ng3 cxd4 13. cxd4 Nd5 14. Qe2 Qb6 15. Kh1 e6 16. Bd2 Nf5 17. Nxf5 gxf5 18. a4 bxa4 19. Rxa4 dxe5 20. fxe5 Bc6 21. Rxa6 Rxa6 22. Bxa6 Qxb2 23. Qe1 Ne7 24. Bg5 Ng6 25. Qc1 Qb6 26. Be2 Bxf3 27. Bxf3 Qxd4 28. Re1 Nxe5 29. Bh5 Nd3 0-1

[Event "POL-chT 70th"]
[Site "Gorzow Wielkopolski"]
[Date "2014.05.18"]
[Round "3.6"]
[White "Chlost, Marlena"]
[Black "Kulon, Klaudia"]
[Result "1-0"]
[WhiteElo "2126"]
[BlackElo "2347"]
[PlyCount "97"]
[EventDate "2014.05.16"]
[EventType "team-tourn"]
[EventRounds "9"]
[EventCountry "POL"]
[SourceTitle "CBM 160 Extra"]
[Source "ChessBase"]
[SourceDate "2014.07.01"]
[SourceVersion "1"]
[SourceVersionDate "2014.07.01"]
[SourceQuality "1"]
[WhiteTeam "Gliwice Akademia Szachowa"]
[BlackTeam "Krakow Wisla"]
[WhiteTeamCountry "POL"]
[BlackTeamCountry "POL"]

1. e4 c5 2. Nf3 d6 3. d4 cxd4 4. Nxd4 Nf6 5. Nc3 Nc6 6. Bg5 e6 7. Qd2 a6 8. f3 Be7 9. 0-0-0 Bd7 10. Be3 h5 11. Kb1 Qc7 12. Bg5 Ne5 13. f4 Ng6 14. g3 b5 15. Bg2 b4 16. Nce2 Rb8 17. Rhe1 a5 18. Ng1 a4 19. Ngf3 a3 20. b3 0-0 21. Bh3 Rfc8 22. f5 exf5 23. Bxf5 Ne5 24. Bxd7 Qxd7 25. Nxe5 dxe5 26. Nf5 Qe6 27. Nxe7+ Qxe7 28. Rf1 Rc6 29. Bxf6 gxf6 30. Rf3 Rbc8 31. Rc1 Kg7 32. Rd3 R8c7 33. Qe2 f5 34. Qxh5 Rh6 35. Qxf5 Rxh2 36. Rd5 f6 37. g4 Rh4 38. g5 fxg5 39. Rg1 g4 40. Rxe5 Qd8 41. Rxg4+ Rxg4 42. Qxg4+ Kf8 43. Qf4+ Kg8 44. Rd5 Qc8 45. Qg5+ Kh7 46. Rd6 Qf8 47. Qh4+ Kg7 48. Qh6+ Kg8 49. Rg6+ 1-0

[Event "BL2 Ost 1314 (Women)"]
[Site "Germany"]
[Date "2014.03.09"]
[Round "7.1"]
[White "Chlost, Marlena"]
[Black "Zahn, Alina"]
[Result "0-1"]
[WhiteElo "2183"]
[BlackElo "1985"]
[PlyCount "58"]
[EventDate "2013.11.30"]
[EventType "team-tourn"]
[EventRounds "7"]
[EventCountry "GER"]
[SourceTitle "EXT 2018"]
[Source "ChessBase"]
[SourceDate "2017.10.13"]
[SourceVersion "1"]
[SourceVersionDate "2017.10.13"]
[SourceQuality "1"]
[WhiteTeam "Torgelow Droegeheide (W)"]
[BlackTeam "Niederwiesa Gruen Weiss (W)"]
[WhiteTeamCountry "GER"]
[BlackTeamCountry "GER"]

1. e4 e5 2. Nf3 Nc6 3. Bb5 a6 4. Ba4 Nf6 5. 0-0 b5 6. Bb3 Be7 7. h3 0-0 8. Re1 Bb7 9. d3 d5 10. exd5 Nxd5 11. Nxe5 Nxe5 12. Rxe5 Qd6 13. Re1 c5 14. Nd2 Rae8 15. a4 c4 16. Ne4 Qg6 17. dxc4 bxc4 18. Bxc4 Bb4 19. Bxd5 Bxd5 20. Qxd5 Bxe1 21. Be3 Bxf2+ 22. Bxf2 Rxe4 23. c3 h6 24. b4 Rfe8 25. b5 Qf6 26. Bd4 Re1+ 27. Rxe1 Rxe1+ 28. Kh2 Qf4+ 29. g3 Qd2+ 0-1

[Event "BL2 Ost 1314 (Women)"]
[Site "Germany"]
[Date "2014.02.16"]
[Round "5.1"]
[White "Bea, Boglarka"]
[Black "Chlost, Marlena"]
[Result "0-1"]
[WhiteElo "2135"]
[BlackElo "2183"]
[PlyCount "52"]
[EventDate "2013.11.30"]
[EventType "team-tourn"]
[EventRounds "7"]
[EventCountry "GER"]
[SourceTitle "EXT 2018"]
[Source "ChessBase"]
[SourceDate "2017.10.13"]
[SourceVersion "1"]
[SourceVersionDate "2017.10.13"]
[SourceQuality "1"]
[WhiteTeam "Berlin Empor (W)"]
[BlackTeam "Torgelow Droegeheide (W)"]
[WhiteTeamCountry "GER"]
[BlackTeamCountry "GER"]

1. e4 c5 2. Nf3 d6 3. d4 cxd4 4. Qxd4 a6 5. c4 Nc6 6. Qd2 Nf6 7. Nc3 e6 8. b3 Be7 9. Bb2 0-0 10. Rd1 Qc7 11. Be2 b6 12. 0-0 Bb7 13. Rfe1 Rfd8 14. Rc1 Ne5 15. Bd1 Rac8 16. Nd4 Ned7 17. Bc2 Nc5 18. Bb1 Qb8 19. Qe2 Bf8 20. Qf3 Qa8 21. Re3 Ncd7 22. Rce1 g6 23. Na4 e5 24. Ne2 b5 25. cxb5 axb5 26. Nb6 Qa5 0-1

[Event "Hastings Masters op 89th"]
[Site "Hastings"]
[Date "2013.12.30"]
[Round "3"]
[White "Gunn, Michael J"]
[Black "Chlost, Marlena"]
[Result "0-1"]
[WhiteElo "1727"]
[BlackElo "2167"]
[PlyCount "68"]
[EventDate "2013.12.28"]
[EventType "swiss"]
[EventRounds "9"]
[EventCountry "ENG"]
[SourceTitle "CBM 158 Extra"]
[Source "ChessBase"]
[SourceDate "2014.02.28"]
[SourceVersion "1"]
[SourceVersionDate "2014.02.28"]
[SourceQuality "1"]

1. c4 e5 2. g3 Nf6 3. Bg2 d5 4. cxd5 Nxd5 5. Nc3 Nb6 6. d3 Be7 7. Nf3 Nc6 8. 0-0 0-0 9. Rb1 Re8 10. a3 Bf8 11. b4 a5 12. b5 Nd4 13. a4 Bb4 14. Bb2 Bg4 15. Nxd4 exd4 16. Ne4 f5 17. f3 Bh5 18. Nd2 c5 19. bxc6 bxc6 20. Nc4 Nxc4 21. dxc4 c5 22. Bc1 Bf7 23. Qc2 Qd7 24. f4 Rad8 25. Rd1 Qe6 26. Bd5 Qxe2 27. Bxf7+ Kxf7 28. Qxf5+ Kg8 29. Bb2 Qxc4 30. Rbc1 Qb3 31. Qc2 Qxc2 32. Rxc2 d3 33. Rc4 d2 34. Kf2 Re1 0-1

[Event "Hastings Masters op 89th"]
[Site "Hastings"]
[Date "2013.12.28"]
[Round "1"]
[White "Sowray, Peter John"]
[Black "Chlost, Marlena"]
[Result "1-0"]
[WhiteElo "2326"]
[BlackElo "2167"]
[PlyCount "51"]
[EventDate "2013.12.28"]
[EventType "swiss"]
[EventRounds "9"]
[EventCountry "ENG"]
[SourceTitle "CBM 158 Extra"]
[Source "ChessBase"]
[SourceDate "2014.02.28"]
[SourceVersion "1"]
[SourceVersionDate "2014.02.28"]
[SourceQuality "1"]

1. d4 d5 2. c4 e6 3. Nc3 Nf6 4. cxd5 exd5 5. Bg5 Be7 6. e3 c6 7. Qc2 Nbd7 8. Bd3 0-0 9. Nge2 Re8 10. 0-0 Nf8 11. f3 g6 12. Rad1 Ne6 13. Bh6 Bd6 14. h3 Nh5 15. e4 Bf4 16. Nxf4 Nexf4 17. Kh2 Qd6 18. e5 Qe7 19. Qf2 g5 20. Bb1 Ng7 21. h4 Nfe6 22. hxg5 Nxg5 23. f4 N5e6 24. f5 Nxd4 25. Bxg7 Qg5 26. Bf6 1-0

[Event "POL-chT2"]
[Site "Poronin"]
[Date "2013.09.15"]
[Round "9.6"]
[White "Starczewska, Dominika"]
[Black "Chlost, Marlena"]
[Result "0-1"]
[WhiteElo "1938"]
[BlackElo "2173"]
[PlyCount "66"]
[EventDate "2013.09.06"]
[EventType "team-swiss"]
[EventRounds "9"]
[EventCountry "POL"]
[SourceTitle "EXT 2015"]
[Source "ChessBase"]
[SourceDate "2014.11.20"]
[SourceVersion "1"]
[SourceVersionDate "2014.11.20"]
[SourceQuality "1"]
[WhiteTeam "Pegow Wieza"]
[BlackTeam "Gliwice Akademia Szachowa"]
[WhiteTeamCountry "POL"]
[BlackTeamCountry "POL"]

1. f4 d5 2. g3 h5 3. Nf3 h4 4. Rg1 hxg3 5. hxg3 Nf6 6. b3 Ng4 7. Bb2 Nc6 8. e3 a6 9. Bg2 Bf5 10. a3 Qd6 11. Rh1 Rxh1+ 12. Bxh1 e5 13. Nh4 Bd7 14. Bf3 Nf6 15. d3 exf4 16. gxf4 g5 17. Ng2 0-0-0 18. Qd2 Re8 19. fxg5 Ng4 20. Bxg4 Bxg4 21. Qf2 Qh2 22. Nd2 Ne5 23. Nf1 Qh5 24. Qf4 Nf3+ 25. Kf2 Bd6 26. Qf6 Nxg5 27. Bd4 Nf3 28. Bb2 Ng5 29. Bd4 Be7 30. Qg7 Bh3 31. Nd2 Bxg2 32. Kxg2 Qe2+ 33. Kh1 Qxd2 0-1

[Event "POL-chT2"]
[Site "Poronin"]
[Date "2013.09.11"]
[Round "5.18"]
[White "Andrejczuk, Beata"]
[Black "Chlost, Marlena"]
[Result "1/2-1/2"]
[WhiteElo "2138"]
[BlackElo "2173"]
[PlyCount "51"]
[EventDate "2013.09.06"]
[EventType "team-swiss"]
[EventRounds "9"]
[EventCountry "POL"]
[SourceTitle "EXT 2015"]
[Source "ChessBase"]
[SourceDate "2014.11.20"]
[SourceVersion "1"]
[SourceVersionDate "2014.11.20"]
[SourceQuality "1"]
[WhiteTeam "Zielonka Zieloni"]
[BlackTeam "Gliwice Akademia Szachowa"]
[WhiteTeamCountry "POL"]
[BlackTeamCountry "POL"]

1. e4 c5 2. Nc3 a6 3. a4 e6 4. f4 Nc6 5. Nf3 d5 6. e5 Nge7 7. d4 Nf5 8. dxc5 Bxc5 9. Bd3 Ne3 10. Qe2 Ng4 11. Rf1 h5 12. h3 Nh6 13. Ng5 g6 14. Bd2 Nd4 15. Qd1 Nhf5 16. Ne2 Nxe2 17. Bxe2 Qb6 18. a5 Qc7 19. Rf3 Nd4 20. Rc3 Nxe2 21. Qxe2 Qe7 22. Rb3 Qc7 23. Rc3 Qe7 24. Rb3 Qc7 25. Rc3 Qe7 26. Rb3 1/2-1/2

[Event "POL-chT2"]
[Site "Poronin"]
[Date "2013.09.09"]
[Round "3.6"]
[White "Bednarska, Malgorzata"]
[Black "Chlost, Marlena"]
[Result "1-0"]
[WhiteElo "2059"]
[BlackElo "2173"]
[PlyCount "89"]
[EventDate "2013.09.06"]
[EventType "team-swiss"]
[EventRounds "9"]
[EventCountry "POL"]
[SourceTitle "EXT 2015"]
[Source "ChessBase"]
[SourceDate "2014.11.20"]
[SourceVersion "1"]
[SourceVersionDate "2014.11.20"]
[SourceQuality "1"]
[WhiteTeam "Warszawa YMCA"]
[BlackTeam "Gliwice Akademia Szachowa"]
[WhiteTeamCountry "POL"]
[BlackTeamCountry "POL"]

1. e4 c5 2. Nf3 Nc6 3. Nc3 Nf6 4. Bc4 d6 5. d4 cxd4 6. Nxd4 e6 7. 0-0 Be7 8. Kh1 0-0 9. f4 d5 10. Nxc6 bxc6 11. Bd3 e5 12. exd5 cxd5 13. fxe5 Ng4 14. Bf4 Bc5 15. Qe1 Re8 16. h3 g5 17. Bg3 Ne3 18. Rf3 Rb8 19. Rxe3 Bxe3 20. Qxe3 d4 21. Qe4 f5 22. Qd5+ Be6 23. Qxd8 Rexd8 24. Nb5 Rb7 25. b3 a6 26. Nd6 Rb6 27. Nxf5 Rf8 28. Nxd4 Bd5 29. Kg1 Rb4 30. Nf5 Be4 31. Nd6 Bxd3 32. cxd3 Rd4 33. Rd1 h5 34. Ne4 Rfd8 35. Nf6+ Kf7 36. Nxh5 Rxd3 37. Rxd3 Rxd3 38. Kf2 Rd2+ 39. Kf3 Rxa2 40. Nf6 Ra3 41. Ne4 Rxb3+ 42. Kg4 a5 43. Kf5 Rb6 44. e6+ Ke7 45. Bd6+ 1-0